000 00542nam a2200217 a 4500
999 _c3931
_d3931
001 3931
003 BD-JhCC
005 20171119193234.0
008 171118s1959 uk |||| |||| 000 0 eng d
035 _a(BD-JhCC)
040 _aBD-JhCC
_dBD-JhCC
041 _aeng
082 _a823.914
_bKIN 1959
100 _aKing, Fay
245 _aRustlers at The Bar-Two Ranch /
_cFay King
260 _aLondon :
_bBlackie & Son Ltd
_c1959
300 _a49 p.;
_c14 cm
490 _aThe Crusader Series
650 _aChildren stories
942 _2ddc
_cBK